Diálogo sobre el Derecho

Guardat en:
Dades bibliogràfiques
Autor principal: Carpintero, Francisco (Autor)
Format: Llibre
Idioma:espanyol
Publicat: s.l Y 2018
Edició:1a. ed
Matèries:
Etiquetes: Afegir etiqueta
Sense etiquetes, Sigues el primer a etiquetar aquest registre!

MARC

LEADER 00000cam a2200000 a 4500
001 UCC3873
003 CL-VaPUC
008 180622e20180000sp |||||||||||||||||spa|d
020 |a 9788494725425 
082 0 4 |a 340.1  |b CAR  |2 21 
100 0 |a Carpintero, Francisco  |e author  |9 597993 
245 1 0 |a Diálogo sobre el Derecho 
246 1 0 |a Seduardus, o la difícil razón de la ley 
250 |a 1a. ed 
300 |a 282 p 
942 |c BK 
945 |d 20180622 13:48:00  |a dcastane 
260 |a s.l  |b Y  |c 2018 
650 0 |a Filosofía del derecho   |9 255050 
650 0 |a Teoría del derecho  |9 255982 
583 |a last modification  |c 20190427 12:28:30  |k Rodrigo Vera 
999 |c 371541  |d 371539 
952 |0 0  |1 0  |3 erb  |4 0  |6 340_100000000000000_CAR_2018  |7 0  |8 A  |9 488557  |a BIBDER  |b BIBDER  |i 5545250  |o 340.1 CAR 2018  |p 5545250  |r 2023-01-25  |w 2019-11-24  |y BK  |z Catalogado en:20190427  |k DER